Monarch : the life & times of Elizabeth 11
| Main Author: | |
|---|---|
| Format: | Book |
| Published: |
London :
Robert Hale ,
1985
|
| Subjects: |
MARC
| LEADER | 00000cam a2200000 7i4500 | ||
|---|---|---|---|
| 001 | 0000066606 | ||
| 005 | 20161005.0 | ||
| 008 | 161005 | ||
| 020 | |a 9780709023766 | ||
| 090 | 0 | 0 | |a 941.085 |b FIS |
| 100 | 0 | |a Fisher, Heather | |
| 245 | 1 | 0 | |a Monarch : |b the life & times of Elizabeth 11 |c Heather Fisher |
| 260 | |a London : |b Robert Hale , |c 1985 | ||
| 300 | |a 211p. | ||
| 500 | |a Includes index | ||
| 650 | 0 | |a Elizabeth II, Queen of Great Britain | |
| 999 | |a 0000140484 |b Book |c Adult Collection |e Cawangan Muar | ||